|
|
|
|
| LEADER |
01211nam a2200373 4500 |
| 001 |
DLU060052061 |
| 005 |
##20060327 |
| 040 |
# |
# |
|a DLU
|b vie
|
| 041 |
# |
# |
|a vie
|
| 044 |
# |
# |
|a vn
|
| 082 |
# |
# |
|a 630
|b NG-H
|
| 100 |
# |
# |
|a Nguyễn Tuyết Hậu
|
| 245 |
# |
# |
|a Khảo nghiệm, chọn giống khoai tây kháng bệnh mốc sương theo hướng chống chịu ngang :
|b Luận văn thạc sĩ /
|c Nguyễn Tuyết Hậu; Phạm Xuân Tùng hướng dẫn
|
| 260 |
# |
# |
|a Đà lạt :
|b Trường Đại học Đà lạt,
|c 2005
|
| 300 |
# |
# |
|a 58 tr. ;
|c 30 cm
|
| 504 |
# |
# |
|a Tài liệu tham khảo :tr.53
|
| 653 |
# |
# |
|a Bệnh mốc sương
|
| 653 |
# |
# |
|a Chọn giống
|
| 653 |
# |
# |
|a Chống bệnh
|
| 653 |
# |
# |
|a Kháng bệnh
|
| 653 |
# |
# |
|a Khoai tây
|
| 653 |
# |
# |
|a Phytophthora Infestans
|
| 653 |
# |
# |
|a Solanum tuberosum L.
|
| 700 |
# |
# |
|a Phạm Xuân Tùng
|e hướng dẫn
|
| 915 |
# |
# |
|a Tài nguyên môi trường
|b 60.42.02
|c Thạc sĩ
|d Trường Đại học Đà lạt
|e Bộ Giáo dục và Đào tạo
|
| 992 |
# |
# |
|a 0
|
| 994 |
# |
# |
|a DLU
|
| 900 |
# |
# |
|a True
|
| 911 |
# |
# |
|a Đào Thị Thu Huyền
|
| 925 |
# |
# |
|a G
|
| 926 |
# |
# |
|a A
|
| 927 |
# |
# |
|a LA
|
| 980 |
# |
# |
|a Thư viện Trường Đại học Đà Lạt
|